Italian Surnames - Sudden Death (J) - Statistics

General Stats
  • This quiz has been taken 24 times
  • The average score is 8 of 15
Answers on the Grid
Answers color-coded by a green-red scale on the quiz's grid according to % correct below.
Jacomini
Jacobacci
Joni
Jannacci
Jaccarino
Jovane
Jovine
Juliani
Janni
Jervolino
Jerace
Juli
Jori
Jacuzzi
Jotti
Jacobs
Jakobsen
Jackson
Julian
Justin
Juncker
Jong
Jeong
Jang
Jon
Jeon
Jacovac
Juanes
Juani
Jamili
 
Answer Stats
Answer % Correct
Juliani
82%
Jaccarino
68%
Jacobacci
68%
Jacomini
68%
Jannacci
68%
Janni
68%
Jotti
68%
Jervolino
64%
Jacuzzi
50%
Jovane
41%
Jovine
32%
Jerace
27%
Joni
27%
Jori
27%
Juli
14%
No matching quizzes found
Score Distribution
Percent of People with Each Score
Percentile by Number Answered
Your Score History
You have not taken this quiz